000 00431nam a22001577a 4500
005 20260205163210.0
008 260205b |||||||| |||| 00| 0 eng d
020 _a978-0-385-26462-4
022 _a9
050 _aPJ 7846 .A46 M34 2008
100 _aMAHFOUZ, NAGUIB
245 _aTHE THIEF AND THE DOGS
260 _aNEW YORK
_bANCHOR BOOKS ,A DIVISION OF RANDOM HYOUSE, INC,
_c2008
300 _a158 P. ILL
942 _2lcc
_cBK
999 _c216565
_d216565